000 00974nas a2200325 4500
001 BR0401084
003 BR-BrBNA
005 20231205104356.0
007 ta
008 230509b bl.|||p| |||| 00| 00por d
040 _aBR-BrBNA
_bpor
_cBiblioteca Nacional de Agricultura
041 _a(Pt)
072 _aL10
100 1 _aSpritze, A.
100 1 _aEgito, A.A. de
100 1 _aMariante, A. da S.
100 1 _aMcManus, C.
245 1 _aCaracterização genética, da raça bovina Crioulo Lageano por marcadores moleculares RAPD
650 _aGADO CRIOULO
650 _aRAÇA
650 _aGADO ZEBU
650 _aMARCADOR GENÉTICO
650 _aVARIAÇÃO GENÉTICA
650 _aGADO HOLANDÊS
650 _aGADO NELORE
650 _aANÁLISE COMPARATIVA
773 0 _tPesquisa Agropecuária Brasileira (Brazil)
_xISSN 0101-204X
_g(Oct 2003), v. 38(10) p. 1157-1164
_wBR0401084
909 _a202311
_bLúcia
_c55
_dLúcia Elande
942 _2AGRIS
_n0
_cANA
999 _c177830
_d177830